Plánování je konečně opět dřina
Finančná kríza a následná recesia priniesla poučenie, že žiadny rast nie je nekonečný a vždy nastane obdobie ochladenia. Z hľadiska ekonomického je toto ochladenie zdravé, z hľadiska ľudského môže priniesť veľké ľudské tragédie. Pre riadenie ľudských zdrojov je dôležité, aby bolo pripravené na ochla...
Guardado en:
| Autor principal: | |
|---|---|
| Formato: | Capítulo de libro |
| Lenguaje: | checo |
| Materias: | |
| Etiquetas: |
Sin Etiquetas, Sea el primero en etiquetar este registro!
|
MARC
| LEADER | 00000naa$a2200000$$$4500 | ||
|---|---|---|---|
| 001 | 0108943 | ||
| 005 | 20231113131811.2 | ||
| 041 | 0 | |a cze | |
| 044 | |a CZ | ||
| 245 | 1 | 0 | |a Plánování je konečně opět dřina |c Lukáš Polc |
| 520 | |a Finančná kríza a následná recesia priniesla poučenie, že žiadny rast nie je nekonečný a vždy nastane obdobie ochladenia. Z hľadiska ekonomického je toto ochladenie zdravé, z hľadiska ľudského môže priniesť veľké ľudské tragédie. Pre riadenie ľudských zdrojov je dôležité, aby bolo pripravené na ochladenie a plán personálnych nákladov bol realistický a uskutočniteľný. | ||
| 610 | 2 | 0 | |a riadenie ľudských zdrojov |
| 610 | 2 | 0 | |a náklady personálne |
| 610 | 2 | 0 | |a plánovanie |
| 100 | 1 | |a Polc, Lukáš | |